Statistieken voor bij welke club speelt deze voetballer

Klik hier om de quiz te nemen!

Algemene statistieken

  • Deze quiz is 467 keer genomen
  • De gemiddelde score is 14 van 15

Antwoordstatistieken

HintAntwoord% Correct
salahliverpool
98%
van dijkliverpool
98%
messipsg
98%
mbappepsg
98%
neymarpsg
98%
ramospsg
98%
benzemareal madrid
98%
modricreal madrid
98%
haalandmanchester city
97%
rashfordmanchester united
96%
neuerbayern munchen
93%
manebayern munchen
93%
lewandowskibarcelona
92%
ronaldoal nassr
82%
di mariajuventus
82%

Scoreverdeling

Percentiel versus Aantal Correcte Antwoorden

Procent van Mensen met Elke Score

Uw Scoregeschiedenis

U heeft deze quiz nog niet genomen